000 00657nam a22002417a 4500
003 UA-OsUOA
001 80064
007 ta
008 20111128b un ||||| |||| 00| 0 ukr d
100 _aКузнецов Б.Г.
090 _a929
_bК89
942 _cBK
040 _aUA-OsUOA
_brus
_cUA-OsUOA
_dUA-OsUOA
245 _aЭйнштейн. Жизнь. Смерть. Бессмертие
300 _a680 с.
955 _a4
041 _arus
080 _a929
260 _aМ.
_bНаука
_c1980
250 _n5-е изд., перераб и доп.
650 7 _a9 Географія. Біографії. Історія
_2UDC
999 _c366399
_d366399